[Event "FIDE Online-ch U16 Open 2020"]
[Site "Online"]
[Date "2020.12.19"]
[Round "2.2"]
[White "Cardoso Cardoso, Jose Gabriel"]
[Black "Keymer, Vincent"]
[Result "1-0"]
[WhiteElo "2414"]
[BlackElo "2588"]
[Annotator "TA"]
[PlyCount "83"]
[EventDate "2020.12.19"]
[EventType "k.o."]
[EventCountry "NET"]
[SourceTitle "playchess.com"]
[Source "ChessBase"]
[SourceQuality "1"]

{[%evp 12,83,16,10,10,13,23,0,34,24,37,21,22,21,14,16,36,9,31,0,14,7,54,45,45,45,45,45,45,21,31,27,45,45,56,55,54,11,20,2,2,2,25,25,54,32,56,52,45,41,210,210,324,254,693,741,736,701,817,762,722,647,2099,1983,1485,1407,29979,29980,29980,29981,29987,29988,29987,29988]} 1. d4 d5 2. c4 e6 3. Nc3 Nf6 4. cxd5 Nxd5 5. e4 Nxc3 6. bxc3 c5 7. Rb1 $1 {[%mdl 4] is recently more successful than 7.Nf3.} Be7 {D35: Queen's Gambit Declined: Exchange Variation.} 8. Nf3 O-O 9. Bc4 a6 {The position is equal.} 10. a4 Qc7 {With the idea ...cxd4.} 11. Bd3 cxd4 12. cxd4 Nc6 13. O-O Nb4 {[#]} 14. Be2 $146 ({Predecessor:} 14. Ba3 Nxd3 15. Qxd3 Bxa3 16. Qxa3 Bd7 17. Ne5 Rfc8 18. Rfc1 Qd8 19. Nxd7 Qxd7 20. Qb2 Qxa4 21. Rxc8+ Rxc8 22. Qxb7 {½-½ (33) Akobian,V (2625)-Dominguez Perez,L (2739) Saint Louis 2019}) 14... Rd8 15. Qb3 a5 16. Be3 b6 17. Rfc1 Qb7 18. Ne5 Bd7 19. Nxd7 Rxd7 20. Bb5 Rdd8 21. f3 Bf6 22. Rc4 Rac8 23. Rbc1 h6 24. g3 Bg5 25. Kg2 Bxe3 26. Qxe3 Qb8 27. h4 Na2 28. Rxc8 {[%mdl 64] Overworked Piece} Rxc8 29. Rxc8+ Qxc8 30. d5 {[%cal Bd4d5,Bd5d6][%mdl 32]} Qc2+ $2 {This costs Black the game.} (30... exd5 $14 31. exd5 Qc2+ 32. Qf2 Nb4) 31. Qf2 $18 Qxf2+ (31... Nb4 $142) 32. Kxf2 {[%mdl 4096] Endgame KB-KN} e5 $2 (32... f6 33. d6 (33. dxe6 Kf8 $16) 33... Kf7) 33. d6 {And now d7 would win.} Kf8 34. Ke3 Nb4 35. Kd2 f6 {[#]} 36. f4 $1 Kf7 {[#]} 37. f5 $1 Kf8 38. Kc3 Na2+ 39. Kc4 {White mates.} Nb4 40. Bd7 Na2 41. Bc6 Nb4 42. Kb5 {Weighted Error Value: White=0.05/Black=0.56} 1-0

[Event "FIDE Online-ch U16 Open 2020"]
[Site "Online"]
[Date "2020.12.19"]
[Round "2.3"]
[White "Cardoso Cardoso, Jose Gabriel"]
[Black "Keymer, Vincent"]
[Result "1-0"]
[WhiteElo "2414"]
[BlackElo "2588"]
[Annotator "TA"]
[PlyCount "65"]
[EventDate "2020.12.19"]
[EventType "k.o."]
[EventCountry "NET"]
[SourceTitle "playchess.com"]
[Source "ChessBase"]
[SourceQuality "1"]

{[%evp 12,65,18,10,22,0,11,0,0,0,0,0,29,19,33,18,35,50,81,18,72,52,60,75,79,64,80,33,84,88,268,202,204,75,212,64,65,58,95,56,128,114,138,137,245,242,374,353,597,594,584,554,872,862,884,863]} 1. d4 d5 2. c4 e6 3. Nc3 Nf6 4. cxd5 Nxd5 5. e4 Nxc3 6. bxc3 c5 7. Rb1 $1 {[%mdl 4] is more profitable than 7.Nf3 at the moment.} Be7 {D35: Queen's Gambit Declined: Exchange Variation.} 8. Nf3 O-O 9. Bd3 cxd4 {The position is equal.} 10. cxd4 Nc6 11. Be3 {[#]} Nb4 $146 ({Predecessor:} 11... Qa5+ 12. Bd2 Bb4 13. Bxb4 Nxb4 14. O-O Nxd3 15. Qxd3 b6 16. Qd2 Bb7 17. Qxa5 {1-0 (17) Petrosyan,M (2607)-Pulpan,J (2407) chess.com INT 2020}) 12. Be2 b6 13. O-O Bb7 14. Qd2 Nc6 15. Rfd1 (15. d5 $16 exd5 16. exd5) 15... Na5 (15... Bf6 $11) 16. d5 $16 exd5 17. exd5 Bd6 18. Nd4 Rc8 ({Don't blunder} 18... Bxd5 $2 19. Nf5 $18) (18... Bxh2+ $2 19. Kxh2 Qxd5 20. Nf3 $18) 19. Nc6 Bxc6 ({Black should try} 19... Nxc6 $14 20. dxc6 {[%mdl 64] Discovered Attack} Rxc6) 20. dxc6 Bc7 $2 {[#]} (20... Be7 $16) 21. Bg4 Qxd2 22. Rxd2 (22. Bxd2 $18 {is the precise move to win.} f5 23. Bf3) 22... Rcd8 (22... Nc4 $16) 23. Bd7 ({Better is} 23. Rd7 $18 f5 24. Be2 (24. Rxc7 fxg4 25. Rxa7 Nxc6 $16)) 23... Nc4 $14 24. Rd3 Ne5 25. Rd5 Nxd7 ({Black should play} 25... f6 $14) 26. cxd7 $16 {Strongly threatening Rc1.} ({Worse is} 26. Rxd7 Rxd7 27. cxd7 Rd8 $17) 26... f6 27. Rc1 $36 {[%mdl 2048] White is in control.} Be5 (27... Bb8 $16 {was called for.} 28. Rc6 h6) 28. f4 $18 Bb2 (28... Bb8 {was necessary.} 29. Bd2 Kf7) 29. Rc7 Kf7 $2 (29... Ra8 {keeps fighting.} 30. Rd3 f5) 30. Rxa7 {White is clearly winning.} Ke6 31. Rd3 Rf7 32. Bxb6 Rdxd7 {[#]} 33. f5+ $1 {[%mdl 512] Weighted Error Value: White=0.29/Black=0.51} 1-0

[Event "FIDE Online-ch U16 Open 2020"]
[Site "Online"]
[Date "2020.12.19"]
[Round "3.1"]
[White "Hong, Andrew"]
[Black "Svane, Frederik"]
[Result "0-1"]
[WhiteElo "2449"]
[BlackElo "2421"]
[Annotator "RC"]
[PlyCount "120"]
[EventDate "2020.12.19"]
[EventType "k.o."]
[EventCountry "NET"]
[SourceTitle "playchess.com"]
[Source "ChessBase"]
[SourceQuality "1"]

1. e4 {[%emt 0:00:00]} c5 {[%emt 0:00:02]} 2. Nf3 {[%emt 0:00:03]} g6 {[%emt 0:00:01]} 3. d4 {[%emt 0:00:09]} cxd4 {[%emt 0:00:01]} 4. Nxd4 {[%emt 0:00:04]} Nc6 {[%emt 0:00:01]} 5. c4 {[%emt 0:00:15]} Nf6 {[%emt 0:00:02]} 6. Nc3 {[%emt 0:00:12]} Nxd4 {[%emt 0:00:01]} 7. Qxd4 {[%emt 0:00:03]} d6 {[%emt 0:00:01]} 8. Bg5 {[%emt 0:01:04]} Bg7 {[%emt 0:00:02]} 9. Qd2 {[%emt 0:00:03]} Be6 {[%emt 0:00:13]} 10. Rc1 {[%emt 0:02:20]} Qa5 {[%emt 0:00:55]} 11. Bd3 {[%emt 0:01:07]} h6 {[%emt 0:01:15]} 12. Bf4 {[%emt 0:01:18]} Rc8 {[%emt 0:01:10]} 13. b3 {[%emt 0:00:43]} Nd7 {[%emt 0:03:28]} 14. O-O {[%emt 0:00:43]} Nc5 {[%emt 0:00:07]} 15. Bb1 {[%emt 0:00:24]} a6 {[%emt 0:00:36]} 16. Nd5 {[%emt 0:01:46]} Qxd2 {[%emt 0:00:06]} 17. Bxd2 {[%emt 0:00:03]} Bxd5 {[%emt 0:00:47]} 18. exd5 {[%emt 0:01:35]} Kd7 {[%emt 0:00:14]} 19. Bc2 {[%emt 0:00:45]} Kc7 {[%emt 0:01:35]} 20. Rfe1 {[%emt 0:00:16]} Bf6 {[%emt 0:00:17]} 21. b4 {[%emt 0:00:52]} Nd7 {[%emt 0:00:03]} 22. Ba4 {[%emt 0:00:09]} Ne5 {[%emt 0:00:31]} 23. Rc2 {[%emt 0:00:56]} Kb8 {[%emt 0:00:34]} 24. c5 {[%emt 0:00:36]} b5 {[%emt 0:02:30]} 25. Bb3 {[%emt 0:01:11]} Nd3 {[%emt 0:01:04]} 26. Re3 {[%emt 0:00:51]} dxc5 {[%emt 0:00:02]} 27. Rxd3 {[%emt 0:01:01]} c4 {[%emt 0:00:01]} 28. Bf4+ {[%emt 0:00:17]} Kb7 {[%emt 0:00:21]} 29. Rdd2 {[%emt 0:00:32]} cxb3 {[%emt 0:01:01]} 30. axb3 {[%emt 0:00:02]} g5 {[%emt 0:00:35]} 31. Be3 {[%emt 0:00:04]} Bc3 {[%emt 0:00:04]} 32. Re2 {[%emt 0:00:26]} Bxb4 {[%emt 0:00:02]} 33. h4 {[%emt 0:00:06]} gxh4 {[%emt 0:00:32]} 34. Kh2 {[%emt 0:00:06]} Rxc2 {[%emt 0:00:52]} 35. Rxc2 {[%emt 0:00:03]} Rc8 {[%emt 0:00:02]} 36. Rb2 {[%emt 0:00:20]} Rc3 {[%emt 0:00:11]} 37. Bxh6 {[%emt 0:00:24]} Bd6+ {[%emt 0:00:07]} 38. Kg1 {[%emt 0:00:02]} Rd3 {[%emt 0:00:23]} 39. f4 {[%emt 0:00:09]} Rxd5 {[%emt 0:00:10]} 40. Kf2 {[%emt 0:00:05]} Rh5 {[%emt 0:00:32]} 41. Bf8 {[%emt 0:00:15]} Rh8 {[%emt 0:00:06]} 42. Bg7 {[%emt 0:00:03]} Rg8 {[%emt 0:00:01]} 43. Be5 {[%emt 0:00:22]} Bxe5 {[%emt 0:00:17]} 44. fxe5 {[%emt 0:00:01]} a5 {[%emt 0:00:12]} 45. Rd2 {[%emt 0:00:13]} Kc6 {[%emt 0:00:27]} 46. Ra2 {[%emt 0:00:03]} Ra8 {[%emt 0:00:05]} 47. Kf3 {[%emt 0:00:04]} a4 {[%emt 0:00:05]} 48. bxa4 {[%emt 0:00:07]} bxa4 {[%emt 0:00:02]} 49. Ke4 {[%emt 0:00:13]} Kc5 {[%emt 0:00:07]} 50. Rc2+ {[%emt 0:00:03]} Kb4 {[%emt 0:00:02]} 51. Rc7 {[%emt 0:00:42]} a3 {[%emt 0:00:02]} 52. Rb7+ {[%emt 0:00:01]} Kc3 {[%emt 0:00:05]} 53. Rc7+ {[%emt 0:00:01]} Kd2 {[%emt 0:00:05]} 54. Rxe7 {[%emt 0:00:27]} a2 {[%emt 0:00:02]} 55. Rxf7 {[%emt 0:00:06]} a1=Q {[%emt 0:00:04]} 56. Rf2+ {[%emt 0:00:02]} Kc3 {[%emt 0:00:03]} 57. Re2 {[%emt 0:00:22]} Qd1 {[%emt 0:00:05]} 58. Re3+ {[%emt 0:00:05]} Kc4 {[%emt 0:00:01]} 59. Kf5 {[%emt 0:00:08]} Rf8+ {[%emt 0:00:02]} 60. Kg5 {[%emt 0:00:11]} Qd2 {[%emt 0:00:02]} 0-1

[Event "FIDE Online-ch U16 Open 2020"]
[Site "Online"]
[Date "2020.12.19"]
[Round "3.1"]
[White "Pour Agha Bala, Amirreza"]
[Black "Cardoso Cardoso, Jose Gabriel"]
[Result "1/2-1/2"]
[WhiteElo "2432"]
[BlackElo "2414"]
[Annotator "TA"]
[PlyCount "244"]
[EventDate "2020.12.19"]
[EventType "k.o."]
[EventCountry "NET"]
[SourceTitle "playchess.com"]
[Source "ChessBase"]
[SourceQuality "1"]

{[%evp 18,244,0,0,6,-4,0,0,0,-14,0,-71,-26,-31,-7,0,0,0,0,0,0,-14,11,0,14,-21,-20,-41,-11,-41,-25,-62,-52,-54,-45,-70,-47,-42,-41,-79,-65,-75,-66,-61,-52,-45,-7,-7,-6,-6,0,-29,-43,-28,-16,-11,3,-20,0,0,0,0,50,0,12,9,20,0,0,0,0,0,0,0,87,0,96,0,0,0,0,0,0,-7,0,0,0,0,0,0,0,0,0,0,25,18,27,0,0,0,0,0,0,0,0,0,0,0,0,0,0,0,0,0,149,58,85,12,14,14,65,0,0,0,0,0,23,0,0,0,0,0,0,0,0,0,0,0,0,0,0,0,0,0,0,0,0,0,0,0,0,0,0,0,0,0,0,0,0,0,0,0,0,0,0,0,0,0,0,0,0,0,0,0,0,0,0,0,0,0,0,0,0,0,0,0,0,0,0,0,0,0,0,0,0,0,0,0,0,0,0,0,0,0,0,0,0,0,0,0,0,0,0,0,0,0,0,0,0,0,0,0,0,0,0,0,0,0,0]} 1. e4 c5 2. Nf3 d6 3. d4 cxd4 4. Nxd4 Nf6 5. Nc3 a6 6. Bc4 e6 7. O-O Be7 8. Bb3 O-O 9. Be3 b5 10. f3 Bb7 {B87: Sicilian Scheveningen/Najdorf: 6 Bc4, with early ...b5.} 11. Qd2 Nbd7 12. Rad1 Nc5 13. Qf2 Qc7 14. Rfe1 (14. Qg3 $11) 14... Rac8 {[#]} 15. Qg3 $146 ({Predecessor:} 15. Rc1 Rfe8 16. Nde2 Qb8 17. Nf4 Kh8 18. Nd3 Nxb3 19. axb3 Kg8 20. Ba7 Qc7 21. Bb6 {1-0 (49) Licayan,A-Reams,C Paris 1993}) 15... Kh8 16. a3 Rfe8 17. Ba2 Bf8 18. Bg5 Be7 19. Be3 Ba8 20. Nce2 d5 (20... Bf8 {is interesting.} 21. Nc3 Bb7) 21. Qxc7 (21. e5 {keeps more tension.} Nfd7 22. b4 Na4 23. f4 g6 24. Bf2) 21... Rxc7 22. exd5 Nxd5 23. Bc1 Rcc8 24. c3 Bh4 25. g3 Bf6 26. Kf2 g6 27. Nb3 Na4 28. Nbd4 Kg7 29. Nc2 Be7 30. Bb3 Bc5+ 31. Kg2 Nab6 32. Nf4 a5 33. Nxd5 Nxd5 34. Bxd5 Bxd5 35. Be3 {White wants to play Rxd5!} Bb3 36. Rd2 e5 37. Kf2 Re7 38. Bxc5 Rxc5 39. f4 e4 40. Ne3 (40. Nd4 $5 {[%cal Rd4b3]} Bc4 41. g4 $11) 40... f5 41. Rd4 Rb7 42. Re2 Be6 43. Red2 Kf7 44. Ke2 h6 45. h4 Kf6 (45... Rc6 $11 {keeps the balance.}) 46. Kf2 (46. Rd6 $16) 46... g5 {[#]} (46... Kf7 $11) 47. hxg5+ (47. Rd6 $1 $16) 47... hxg5 $11 48. fxg5+ Kxg5 49. Rd6 Bc4 50. Rd7 Rxd7 51. Rxd7 {[%mdl 4096] Endgame KRB-KRN} Be6 52. Rd6 Kf6 53. Rb6 Ke7 54. Ng2 Bc4 55. Nf4 Rc7 56. Ng6+ Kd8 $1 57. Rf6 Rh7 58. Ne5 Rh2+ 59. Ke3 Re2+ 60. Kd4 Rd2+ 61. Ke3 {Cut Off at move 61} Re2+ 62. Kd4 Rf2 63. g4 e3 {[%mdl 64] [#] Decoy} 64. Kxe3 Re2+ 65. Kf4 Ba2 (65... fxg4 $11 66. Rd6+ Kc7 67. Rc6+ Kb7) 66. Rxf5 (66. gxf5 $16 Rxb2 67. Ra6) 66... Rxb2 $14 67. Rf8+ (67. g5 $16) 67... Kc7 $1 $11 68. Ra8 Bd5 ({Black should play} 68... a4 $11) 69. Rh8 (69. Ra7+ $14 Kb6 70. Rd7) 69... Rb3 70. Ke3 {Kd4 is the strong threat.} Rxa3 71. Kd4 {aiming for Rh7+.} Be6 72. Kc5 {Strongly threatening Rh7+.} Rxc3+ {The position is equal.} 73. Kxb5 Kd6 74. Ng6 Bd7+ 75. Kxa5 Kc5 {[%cal Rc3a3]} 76. Rh5+ Kd6 77. Ne5 Be8 78. Rg5 Rb3 79. Nc4+ (79. Rf5 {looks sharper.} Rb5+ 80. Ka6 Rxe5) 79... Kc6 80. Re5 Bf7 81. Nd2 Rb2 82. Ne4 Bd5 83. Nc3 Bc4 84. Rc5+ {[%mdl 64] Decoy} Kxc5 85. Na4+ {[%mdl 64] Double Attack} Kd4 {( -> ...Rb3)} 86. Nxb2 {KB-KN} Be6 87. g5 Ke5 88. g6 Kf6 89. g7 Kxg7 (89... Bg8 {with more complications.} 90. Nd3 Bh7 91. Kb6 Kxg7 92. Ne5 Be4) 90. Nc4 Kf6 91. Ne5 Kf5 92. Nd7 Bg8 93. Nf6 Bf7 94. Nd5 Ke5 95. Ne3 Be6 96. Ng4+ Kd4 97. Nf6 Kc5 98. Nd7+ Kd6 99. Ne5 Bd5 100. Nd3 Be4 101. Nf4 Bf5 102. Ne2 Ke5 103. Nd4 Be4 104. Nc6+ Kd6 105. Nb4 Bf5 106. Nd3 Bh7 107. Ne5 Bf5 108. Nf7+ Kd5 109. Ng5 Bg4 110. Nf3 Bh5 111. Nd2 Be8 112. Ne4 Bg6 113. Nc3+ Kc4 114. Ne2 Bd3 115. Nd4 Be4 116. Ne6 Bf5 117. Nf4 Be4 118. Nd5 Kd4 119. Ne3 Bd3 120. Nf5+ Ke5 121. Ng3 Kf4 122. Kb4 Kxg3 {Weighted Error Value: White=0.14/Black=0.16} 1/2-1/2

[Event "FIDE Online-ch U16 Open 2020"]
[Site "Online"]
[Date "2020.12.19"]
[Round "3.1"]
[White "Svane, Frederik"]
[Black "Hong, Andrew"]
[Result "1/2-1/2"]
[WhiteElo "2421"]
[BlackElo "2449"]
[Annotator "TA"]
[PlyCount "209"]
[EventDate "2020.12.19"]
[EventType "k.o."]
[EventCountry "NET"]
[SourceTitle "playchess.com"]
[Source "ChessBase"]
[SourceQuality "1"]

{[%evp 27,208,16,36,35,29,35,42,43,48,45,53,53,56,42,49,47,50,29,70,27,100,100,96,49,54,54,83,0,6,0,0,0,6,0,7,6,8,0,14,16,18,21,22,0,25,0,29,0,17,0,54,14,14,0,0,0,39,39,39,39,39,39,51,41,131,131,160,113,113,113,113,113,113,96,114,80,80,43,46,0,0,0,0,0,12,12,12,12,12,12,12,12,12,0,0,0,0,0,0,0,0,0,0,0,0,0,0,-8,0,0,0,0,0,0,0,0,0,0,0,0,0,0,0,0,0,0,0,0,0,0,0,0,0,0,0,0,0,0,0,0,0,0,0,0,0,0,0,0,0,0,0,0,0,0,0,0,0,0,0,0,0,0,0,0,0,0,0,0,0,0,0,0,0,0,0,0,0,0,0,0,0,0,0]} 1. e4 e5 2. Nf3 Nc6 3. Nc3 Nf6 4. d4 exd4 5. Nxd4 Bb4 6. Nxc6 bxc6 7. Bd3 O-O 8. O-O d5 9. exd5 cxd5 10. Bg5 c6 11. Qf3 h6 12. Bxf6 Qxf6 13. Qxf6 gxf6 14. Ne2 Bd6 15. Nd4 {C47: Scotch Four Knights and Four Knights with 4 g3.} c5 16. Nf5 Bxf5 17. Bxf5 {White is slightly better.} Be5 18. Rad1 Rfd8 19. b3 a5 {[#]} 20. g3 $146 ({Predecessor:} 20. Bd3 a4 21. Bb5 axb3 22. axb3 Ra2 23. Bd3 Rda8 24. g3 Ra1 25. Rxa1 Rxa1 26. Rxa1 Bxa1 {½-½ (35) Liu,C (2345)-Xiang,Z (2402) Beijing 2017}) 20... a4 21. Rfe1 c4 22. Kg2 Kf8 23. Re2 Bc3 (23... cxb3 $11 24. cxb3 axb3 25. axb3 Bc3) 24. bxc4 $16 dxc4 25. Rxd8+ Rxd8 {[%mdl 4096] Endgame KRB-KRB} 26. Re4 Bd4 27. c3 (27. g4 $16) 27... Bb6 $11 {With the idea ...Rd2.} 28. Kf1 Rd5 29. g4 Rc5 30. Ke1 Ba5 31. Kd2 a3 32. h4 Bc7 33. h5 Bd6 34. Rd4 Ke7 35. Re4+ Kd8 36. Rd4 Ke7 37. Re4+ Kf8 38. Rd4 Be7 (38... Ke7 $11) 39. Be4 Rb5 40. Rxc4 Rb2+ 41. Kd3 Bd6 42. Bd5 Rxf2 43. Rc8+ Ke7 44. Ra8 Bc5 45. Kc4 Bb6 ({Black should play} 45... Be3 $14) 46. Rxa3 $16 f5 47. gxf5 Rxf5 48. Rb3 Bc7 49. Kc5 Kd7 50. c4 Rxh5 51. Rf3 f5 52. a4 f4 53. a5 Bxa5 {The position is equal.} 54. Rxf4 Bd8 55. Kd4 Rh2 56. Rf7+ Be7 57. c5 Rd2+ 58. Ke5 Re2+ 59. Be4 Ke8 60. Rh7 Bxc5 61. Rxh6 {Cut Off at move 61} Bf8 62. Ra6 Bg7+ 63. Kf5 (63. Kd5 {keeps more tension.} Ke7 64. Ra7+ Kf6 65. Kd4 Re1 66. Kd3) 63... Bd4 64. Rd6 Bc5 65. Rc6 Be7 66. Ke5 Kd7 67. Rc2 Re1 68. Rd2+ Kc7 69. Rc2+ Kb6 70. Rb2+ Kc5 71. Rc2+ Kb4 72. Rc7 Bc5 73. Rb7+ Kc4 74. Rc7 Rd1 75. Rc8 Rd7 76. Bf5 Rd5+ 77. Ke4 {[#] Hoping for Be6.} Rd6 78. Ke5 Rb6 79. Be6+ Kb4 80. Bd5 Rh6 81. Rb8+ Bb6 82. Be6 Kc5 83. Rc8+ Kb5 84. Rc2 Rh5+ 85. Ke4 Bc5 86. Bd5 Rh3 87. Rb2+ Bb4 88. Kd4 Ka4 {[#] White must now prevent ...Bc3+.} 89. Ra2+ Kb5 90. Rb2 Rc3 91. Rb1 Rc2 92. Be4 Rc4+ 93. Kd5 {Bd3! would kill now.} Rc3 94. Kd4 Ra3 95. Bd3+ Ka5 96. Kc4 Rc3+ 97. Kd4 Ra3 98. Kc4 Rc3+ 99. Kd4 Rc8 100. Ra1+ Kb6 {Threatens to win with ...Bc3+.} 101. Rb1 Rd8+ 102. Kc4 Ka5 103. Rxb4 Rc8+ 104. Kb3 Rc3+ 105. Kxc3 {Weighted Error Value: White=0.14/Black=0.13} 1/2-1/2

[Event "FIDE Online-ch U16 Open 2020"]
[Site "Online"]
[Date "2020.12.19"]
[Round "3.1"]
[White "Cardoso Cardoso, Jose Gabriel"]
[Black "Pour Agha Bala, Amirreza"]
[Result "0-1"]
[WhiteElo "2414"]
[BlackElo "2432"]
[Annotator "TA"]
[PlyCount "134"]
[EventDate "2020.12.19"]
[EventType "k.o."]
[EventCountry "NET"]
[SourceTitle "playchess.com"]
[Source "ChessBase"]
[SourceQuality "1"]

{[%evp 14,134,41,0,12,14,10,-8,-2,-7,-7,-50,-20,-13,0,-45,-40,-48,-43,-68,-69,-70,-71,-68,-65,-105,-102,-109,-110,-161,-93,-104,-114,-110,-45,-39,-23,-15,0,0,0,0,10,0,0,0,0,0,0,0,0,0,0,0,0,0,22,8,15,5,4,5,7,0,0,0,0,0,0,0,7,-82,-80,-47,-35,-31,0,0,0,0,0,-8,0,0,0,-238,-231,-466,-457,-457,-435,-1213,-1087,-1220,-1166,-2070,-1768,-4057,-2045,-29976,-29979,-29979,-29980,-29982,-29983,-29985,-29985,-29985,-29986,-29986,-29987,-29987,-29988,-29987,-29984,-29990,-29991,-29997,-29992,-29993,-29993,-29993,-29991]} 1. d4 Nf6 2. c4 g6 3. Nc3 Bg7 4. e4 d6 5. h3 O-O 6. Nf3 c5 7. Be3 Qa5 8. Qd2 cxd4 {E90: King's Indian: Classical: Early deviations and 6 h3.} 9. Nxd4 Nc6 {aiming for ...Nxd4.} 10. Nb3 Qb4 {[#] The position is equal.} 11. Rc1 $146 ({Predecessor:} 11. f4 Be6 12. Be2 Bxc4 13. O-O Bxe2 14. Qxe2 Nxe4 15. Nd5 Qa4 16. Kh2 e6 17. Nc7 {0-1 (50) Kozlovskaya,V (2155)-Malachi,A (2097) Porto 2014}) 11... Be6 12. Nd5 Qa4 (12... Qxd2+ {is interesting.} 13. Nxd2 Rfc8 14. a3 Nd7 15. Rb1 Bxd5 16. exd5 Nd4) 13. Nc3 Qb4 14. Nd5 Qxd2+ 15. Nxd2 Rfc8 16. Nf4 Nd7 17. Nxe6 fxe6 18. Rb1 Nb4 19. a3 Nc2+ 20. Ke2 Nxe3 21. Kxe3 {[#]} (21. fxe3 $17 {keeps fighting.} Nc5 22. b3) 21... Nc5 (21... Bh6+ $1 $19 22. Ke2 {[#]} b5 $1 {[%mdl 512]}) 22. Bd3 Bh6+ 23. Ke2 Bxd2 (23... Nxd3 $17 24. Kxd3 Bxd2 25. Kxd2 Rxc4) 24. Kxd2 $15 e5 25. b4 Ne6 26. c5 Nd4 27. Rhc1 Kf8 28. cxd6 exd6 29. Bc4 Rc7 30. Bd5 Rac8 31. Rxc7 Rxc7 32. Rc1 Rxc1 33. Kxc1 $11 {[%mdl 4096] Endgame KB-KN} b6 34. Kd2 Nb5 35. Bc4 Nc7 36. g3 g5 37. Ke3 Kg7 38. f4 gxf4+ 39. gxf4 Kf6 40. f5 Kg5 41. Bf7 Kh4 42. f6 (42. Kd3 $11 {remains equal.}) 42... Kg5 $17 43. Bg8 Kxf6 (43... Kg6 {is more complex.} 44. f7 Ne6 45. h4 Kg7 46. a4 Nf4) 44. Bxh7 Kg5 45. Kd3 Kf4 46. Bg6 Kg5 47. Bh7 Ne8 48. Bg8 Nf6 49. Be6 $2 {White is now going downhill.} (49. Bf7 $1 $11 {and White stays safe.}) 49... Kf4 $19 50. h4 $2 (50. Bf5 {was forced.}) 50... Nxe4 51. h5 {and if h6 works, White does fine.} Nf6 52. h6 (52. Bf7 $142 Kg5 53. Kc4) 52... Kg5 53. Kc4 Kxh6 54. Kb5 Kg5 55. Ka6 e4 56. Kxa7 d5 {Black mates.} 57. Bh3 d4 58. Kxb6 d3 59. Bf1 Kf4 60. a4 Ke3 61. a5 {Cut Off at move 61} d2 62. a6 d1=Q 63. a7 Qa4 64. Ba6 Nd5+ 65. Kb7 Qxb4+ 66. Kc8 Nb6+ 67. Kb7 Kf2 {Weighted Error Value: White=0.59/Black=0.23} 0-1

[Event "FIDE Online-ch U16 Open 2020"]
[Site "Online"]
[Date "2020.12.19"]
[Round "4.1"]
[White "Pour Agha Bala, Amirreza"]
[Black "Svane, Frederik"]
[Result "0-1"]
[WhiteElo "2432"]
[BlackElo "2421"]
[Annotator "TA"]
[PlyCount "82"]
[EventDate "2020.12.19"]
[EventType "k.o."]
[EventCountry "NET"]
[SourceTitle "playchess.com"]
[Source "ChessBase"]
[SourceQuality "1"]

{[%evp 11,82,3,24,0,3,3,16,8,6,0,12,12,0,0,3,-17,-19,-22,-16,-17,-4,-3,-15,-25,-20,-24,0,-27,-18,-20,-23,-25,-27,-103,-82,-207,-216,-201,-212,-211,-211,-620,-619,-612,-595,-622,-820,-681,-430,-450,-420,-423,-358,-449,-450,-705,-295,-489,-489,-764,-431,-491,-486,-570,-468,-662,-662,-29973,-29971,-29977,-29974,-29989,-29990]} 1. Nf3 c5 2. g3 Nc6 3. Bg2 g6 4. O-O Bg7 5. c4 d6 6. Nc3 Bf5 {6...e6 is a critical line.} 7. d3 {A37: Symmetrical English vs ...g6: 4 Bg2 Bg7 5 Nf3.} Qd7 8. Rb1 Nf6 9. a3 {The position is equal.} Bh3 10. b4 Bxg2 11. Kxg2 O-O {[#]} 12. b5 $146 ({Predecessor:} 12. e4 Ng4 13. Ne2 Nge5 14. Nxe5 Nxe5 15. Bb2 cxb4 16. axb4 b5 17. Bxe5 Bxe5 18. d4 {0-1 (47) Belous,V (2524)-Svidler,P (2723) chess.com INT 2020}) 12... Nd4 13. Nd2 d5 14. a4 Rfd8 15. Bb2 h5 16. cxd5 Nxd5 17. Nce4 Rac8 18. Nc4 Qf5 19. Qd2 {[#]} h4 $1 {[%mdl 512]} 20. f3 (20. gxh4 Nf4+) 20... Nb6 21. Nxb6 axb6 22. Bxd4 (22. e3 $11 h3+ 23. Kh1) 22... Rxd4 23. a5 {Now White is beyond hope.} (23. gxh4 $17 {was necessary.} Rxa4 24. Qg5) 23... h3+ $19 24. Kh1 bxa5 25. Qxa5 c4 26. Qb6 $2 (26. Qa3 cxd3 27. exd3) 26... cxd3 27. exd3 Qd5 28. Rbe1 Rxd3 {aiming for ...Bd4.} 29. Qf2 Qxb5 30. g4 Qe5 31. Qh4 Qf4 32. Qxh3 b5 {[%cal Bb7b5,Bb5b4,Bb4b3,Bb3c2][%mdl 32]} 33. Rb1 {[#]} (33. g5 $142 Rc2 34. Rf2) 33... Rb8 (33... Qxe4 $142 $1 {[%mdl 512]} 34. Rxb5 (34. fxe4 Rxh3) 34... Qc6) 34. Rb4 $2 (34. Qg3 {was worth a try.} Qxg3 35. hxg3) 34... Bc3 35. Rbb1 (35. Nf2 $142 Qxf3+ 36. Qxf3 Rxf3 37. Re4) 35... b4 {Strongly threatening ...Qxe4!} 36. Kg2 b3 37. Qh4 Bf6 38. Qf2 (38. Qg3 $142 Qxg3+ 39. Nxg3) 38... Rc8 {Hoping for ...Rc2!} 39. Rfe1 {[#]} Rc2 $1 {Black mates.} 40. Re2 Bd4 41. Rxc2 bxc2 {Weighted Error Value: White=0.72/Black=0.48} 0-1